[Event "Edinburgh op"]
[Site "Edinburgh"]
[Date "1999.??.??"]
[Round "5"]
[White "Tan, Desmond"]
[Black "Brown, S."]
[Result "1-0"]
[WhiteElo "2165"]
[BlackElo "1970"]
[PlyCount "45"]
[EventDate "1999.??.??"]
[EventType "swiss"]
[EventRounds "5"]
[EventCountry "SCO"]
[SourceTitle "EXT 2000"]
[Source "ChessBase"]
[SourceDate "1999.11.16"]
[SourceVersion "1"]
[SourceVersionDate "1999.11.16"]
[SourceQuality "1"]

1. e4 c5 2. Nc3 Nc6 3. Bb5 Nd4 4. Bc4 e6 5. Nf3 a6 6. d3 b5 7. Bb3 Bb7 8. 0-0 Ne7 9. Nxd4 cxd4 10. Ne2 Nc6 11. f4 Be7 12. Ng3 Na5 13. Qg4 g6 14. f5 Nxb3 15. cxb3 Qb6 16. fxg6 fxg6 17. Bg5 Qc5 18. Bxe7 Kxe7 19. Qh4+ Kd6 20. Rac1 Qe5 21. Rf7 Bc6 22. Qe7+ Kc7 23. Qxd7+ 1-0

[Event "Lloyds Bank op 16th"]
[Site "London"]
[Date "1992.??.??"]
[Round "?"]
[White "Brown, S."]
[Black "Emms, John M"]
[Result "1-0"]
[WhiteElo "2270"]
[BlackElo "2455"]
[PlyCount "83"]
[EventDate "1992.08.??"]
[EventType "swiss"]
[EventRounds "10"]
[EventCountry "ENG"]
[SourceTitle "CBM 031 Extra"]
[Source "ChessBase"]
[SourceDate "1993.01.01"]
[SourceVersion "1"]
[SourceVersionDate "1993.01.01"]
[SourceQuality "1"]

1. d4 Nf6 2. c4 e6 3. Nf3 c5 4. e3 d5 5. Nc3 Nc6 6. Be2 dxc4 7. Bxc4 cxd4 8. exd4 Be7 9. 0-0 0-0 10. Be3 a6 11. Rc1 b5 12. Bd3 Nb4 13. Bb1 Bb7 14. Ne5 Rc8 15. Bg5 Qd6 16. a3 Nbd5 17. Qd3 g6 18. Ne2 Nd7 19. Bh6 Rfd8 20. Qg3 Bf6 21. f4 Rxc1 22. Rxc1 Ne7 23. b4 Qd5 24. Rc7 Ba8 25. Qf3 Qxf3 26. gxf3 Nxe5 27. fxe5 Bh4 28. Kg2 Nd5 29. Ra7 g5 30. Be4 Ne3+ 31. Kh3 Bd5 32. Bxd5 Nxd5 33. Rxa6 Ne3 34. Ng3 f5 35. exf6 Kf7 36. f4 Bxg3 37. hxg3 g4+ 38. Kh4 Rxd4 39. Bg5 h6 40. Ra7+ Kg6 41. Rg7+ Kf5 42. f7 1-0